<?xml version="1.0" encoding="UTF-8"?>
<collection xmlns="http://www.loc.gov/MARC21/slim">
<record>
  <controlfield tag="001">131651</controlfield>
  <controlfield tag="005">20240220131201.0</controlfield>
  <datafield tag="017" ind1=" " ind2=" ">
    <subfield code="a">Z 404-2024</subfield>
  </datafield>
  <datafield tag="020" ind1=" " ind2=" ">
    <subfield code="a">978-84-10169-06-7</subfield>
  </datafield>
  <datafield tag="024" ind1="7" ind2=" ">
    <subfield code="2">doi</subfield>
    <subfield code="a">10.26754/uz.978-84-10169-05-0</subfield>
  </datafield>
  <datafield tag="037" ind1=" " ind2=" ">
    <subfield code="a">BOOK-2024-090</subfield>
  </datafield>
  <datafield tag="041" ind1=" " ind2=" ">
    <subfield code="a">spa</subfield>
  </datafield>
  <datafield tag="100" ind1=" " ind2=" ">
    <subfield code="a">Castellanos Gómez, José Ángel</subfield>
  </datafield>
  <datafield tag="245" ind1=" " ind2=" ">
    <subfield code="a">Libro azul de innovación docente en la Universidad de Zaragoza</subfield>
  </datafield>
  <datafield tag="250" ind1=" " ind2=" ">
    <subfield code="a">1ª ed.</subfield>
  </datafield>
  <datafield tag="260" ind1=" " ind2=" ">
    <subfield code="a">Zaragoza</subfield>
    <subfield code="b">Vicerrectorado de Política Académica. Universidad de Zaragoza</subfield>
    <subfield code="c">2024</subfield>
  </datafield>
  <datafield tag="300" ind1=" " ind2=" ">
    <subfield code="a">156</subfield>
  </datafield>
  <datafield tag="520" ind1=" " ind2=" ">
    <subfield code="a">Este Libro Azul de la Innovación Docente en la Universidad de Zaragoza trata de esas inquietudes y de dar respuesta a las condiciones enunciadas por el profesor Michavila. Tiene el afán de convertirse en esa voz necesaria, tanto hacia el interior de nuestra institución de educación superior como hacia el exterior, con el que coordinamos nuestras tareas de docencia, investigación y transferencia de conocimiento. Su objetivo es transmitir la experiencia acumulada en la imprescindible tarea coral de la innovación docente desde aquellos primeros años del siglo XXI hasta la actualidad. Experiencia, por otra parte, totalmente alineada con los actuales objetivos del Espacio Europeo de Educación Superior manifestados en la normativa actual, en concreto en la reciente Ley Orgánica del Sistema Universitario (LOSU).</subfield>
  </datafield>
  <datafield tag="856" ind1="0" ind2=" ">
    <subfield code="f">agroca@unizar.es</subfield>
  </datafield>
  <datafield tag="856" ind1="4" ind2=" ">
    <subfield code="s">3665870</subfield>
    <subfield code="u">http://zaguan.unizar.es/record/131651/files/El_Libro_Azul_2024.pdf</subfield>
  </datafield>
  <datafield tag="909" ind1="C" ind2="O">
    <subfield code="o">oai:zaguan.unizar.es:131651</subfield>
    <subfield code="p">books</subfield>
  </datafield>
  <datafield tag="980" ind1=" " ind2=" ">
    <subfield code="a">BOOK</subfield>
    <subfield code="b">DOCENTE</subfield>
  </datafield>
  <datafield tag="540" ind1=" " ind2=" ">
    <subfield code="9">info:eu-repo/semantics/openAccess</subfield>
  </datafield>
  <datafield tag="700" ind1=" " ind2=" ">
    <subfield code="a">Cortés Pascual, Alejandra</subfield>
  </datafield>
  <datafield tag="700" ind1=" " ind2=" ">
    <subfield code="a">Ortega La-piedra, Raquel... [et al.]</subfield>
  </datafield>
</record>
</collection>